[Event "Zupanja op"]
[Site "Zupanja"]
[Date "2014.08.24"]
[Round "2"]
[White "Filipovic, Ivan"]
[Black "Stevic, Hrvoje"]
[Result "0-1"]
[WhiteElo "2043"]
[BlackElo "2606"]
[PlyCount "64"]
[EventDate "2014.08.24"]
[EventType "swiss"]
[EventRounds "9"]
[EventCountry "CRO"]
[SourceTitle "EXT 2016"]
[Source "ChessBase"]
[SourceDate "2015.10.08"]
[SourceVersion "1"]
[SourceVersionDate "2015.10.08"]
[SourceQuality "1"]

1. e4 c5 2. d3 Nc6 3. Nf3 g6 4. Be2 Bg7 5. c3 d5 6. Nbd2 Nf6 7. 0-0 0-0 8. Re1 e5 9. Qc2 h6 10. Nf1 Be6 11. Bd2 Rc8 12. Rad1 Re8 13. Qb1 a6 14. h3 b5 15. Ng3 Qb6 16. Bf1 Kh7 17. Be3 d4 18. cxd4 cxd4 19. Bd2 b4 20. b3 Nd7 21. Rc1 a5 22. Rc2 Na7 23. Rec1 Rxc2 24. Rxc2 Nb5 25. Qc1 Nc3 26. Nh2 Nc5 27. f4 exf4 28. Bxf4 a4 29. bxa4 Nxa2 30. a5 Qa7 31. Rxa2 Bxa2 32. Bc7 Qxc7 0-1

[Event "Zupanja op 5th"]
[Site "Zupanja"]
[Date "2011.08.19"]
[Round "5"]
[White "Pandurevic, Miro"]
[Black "Filipovic, Ivan"]
[Result "1-0"]
[WhiteElo "2291"]
[BlackElo "2048"]
[PlyCount "75"]
[EventDate "2011.08.19"]
[EventType "swiss"]
[EventRounds "9"]
[EventCountry "CRO"]
[SourceTitle "CBM 143 Extra"]
[Source "ChessBase"]
[SourceDate "2011.08.29"]
[SourceVersion "1"]
[SourceVersionDate "2011.08.29"]
[SourceQuality "1"]

1. Nf3 d5 2. g3 Nf6 3. Bg2 g6 4. 0-0 Bg7 5. d3 0-0 6. Nbd2 Nbd7 7. c4 c6 8. Rb1 e5 9. Qc2 Re8 10. Ne1 Nf8 11. b4 e4 12. cxd5 cxd5 13. Nb3 Bf5 14. Nd4 Bd7 15. Qb3 a5 16. b5 Qb6 17. Nec2 Ne6 18. Nxe6 Bxe6 19. Qa4 exd3 20. exd3 Bf5 21. Rd1 Bg4 22. Be3 Qd6 23. Re1 Rac8 24. Nd4 Rc3 25. Rb3 Rxb3 26. Qxb3 Rc8 27. Qa4 Qb4 28. Qxb4 axb4 29. Rb1 Rc3 30. h3 Bd7 31. Rxb4 Rxd3 32. Ra4 h6 33. Ra8+ Kh7 34. Rb8 Ne4 35. Rxb7 Be6 36. Nxe6 fxe6 37. Bxe4 dxe4 38. a4 1-0

[Event "CRO-ch U19"]
[Site "Topusko"]
[Date "2011.07.24"]
[Round "1"]
[White "Kovacic, Dominik"]
[Black "Filipovic, Ivan"]
[Result "1/2-1/2"]
[WhiteElo "1636"]
[BlackElo "2048"]
[PlyCount "28"]
[EventDate "2011.07.24"]
[EventType "swiss"]
[EventRounds "9"]
[EventCountry "CRO"]
[SourceTitle "EXT 2012"]
[Source "ChessBase"]
[SourceDate "2011.11.24"]
[SourceVersion "1"]
[SourceVersionDate "2011.11.24"]
[SourceQuality "1"]

1. Nf3 d5 2. c4 e6 3. g3 Nf6 4. Bg2 Be7 5. 0-0 0-0 6. d4 Nbd7 7. Nc3 c6 8. cxd5 exd5 9. Qc2 Re8 10. Rd1 Bd6 11. Nd2 h6 12. e4 dxe4 13. Ncxe4 Bf8 14. d5 Nxd5 1/2-1/2

[Event "CRO-chT2 East"]
[Site "Osijek"]
[Date "2010.10.16"]
[Round "7.66"]
[White "Kroo, Ivica"]
[Black "Filipovic, Ivan"]
[Result "0-1"]
[WhiteElo "1794"]
[BlackElo "1989"]
[PlyCount "62"]
[EventDate "2010.04.17"]
[EventType "team-tourn"]
[EventRounds "11"]
[EventCountry "CRO"]
[SourceTitle "EXT 2012"]
[Source "ChessBase"]
[SourceDate "2011.11.24"]
[SourceVersion "1"]
[SourceVersionDate "2011.11.24"]
[SourceQuality "1"]

1. d4 d5 2. c4 c6 3. Nc3 Nf6 4. Nf3 e6 5. Bg5 Nbd7 6. e3 Be7 7. Bd3 h6 8. Bh4 dxc4 9. Bxc4 b5 10. Bd3 a6 11. 0-0 c5 12. dxc5 Nxc5 13. Be2 0-0 14. Rc1 b4 15. Qxd8 Rxd8 16. Nb1 Bb7 17. Rfd1 Bd5 18. b3 g5 19. Bg3 Nfe4 20. Bc4 Bxc4 21. bxc4 Nd3 22. Rc2 Bc5 23. Rf1 a5 24. Nfd2 Nxg3 25. hxg3 a4 26. Ne4 Be7 27. Ned2 b3 28. axb3 Nb4 29. Rcc1 a3 30. Ne4 a2 31. Nxg5 hxg5 0-1

[Event "CRO-ch U17"]
[Site "Bjelolasica"]
[Date "2010.07.31"]
[Round "9"]
[White "Filipovic, Ivan"]
[Black "Havas, Juraj"]
[Result "0-1"]
[WhiteElo "2059"]
[BlackElo "1950"]
[PlyCount "50"]
[EventDate "2010.07.25"]
[EventType "swiss"]
[EventRounds "9"]
[EventCountry "CRO"]
[SourceTitle "CBM 137 Extra"]
[Source "ChessBase"]
[SourceDate "2010.09.01"]
[SourceVersion "1"]
[SourceVersionDate "2010.09.01"]
[SourceQuality "1"]

1. e4 c5 2. Nf3 Nc6 3. Nc3 Nf6 4. Bb5 Nd4 5. e5 Nxb5 6. Nxb5 Nd5 7. c4 Nc7 8. Nxc7+ Qxc7 9. d4 d6 10. 0-0 Bg4 11. h3 Bh5 12. g4 Bg6 13. e6 h5 14. Nh4 Be4 15. f3 hxg4 16. fxe4 Rxh4 17. Qe1 Rxh3 18. exf7+ Kd8 19. d5 Qd7 20. b4 g3 21. Rf4 Rh1+ 22. Kxh1 Qh3+ 23. Kg1 Qh2+ 24. Kf1 g2+ 25. Kf2 g1Q+ 0-1

[Event "CRO-chT2 East"]
[Site "Osijek"]
[Date "2010.04.24"]
[Round "4.25"]
[White "Filipovic, Ivan"]
[Black "Basrak, Srdjan"]
[Result "1-0"]
[WhiteElo "1989"]
[BlackElo "2279"]
[PlyCount "91"]
[EventDate "2010.04.17"]
[EventType "team-tourn"]
[EventRounds "11"]
[EventCountry "CRO"]
[SourceTitle "EXT 2012"]
[Source "ChessBase"]
[SourceDate "2011.11.24"]
[SourceVersion "1"]
[SourceVersionDate "2011.11.24"]
[SourceQuality "1"]

1. e4 c5 2. Nf3 Nc6 3. Nc3 d6 4. d4 cxd4 5. Nxd4 e5 6. Nb3 Be6 7. Be3 Nf6 8. f3 d5 9. exd5 Nxd5 10. Nxd5 Qxd5 11. Qxd5 Bxd5 12. 0-0-0 0-0-0 13. Bb5 a6 14. Bd3 Bxb3 15. axb3 Bd6 16. Bc4 f6 17. Bb6 Bc7 18. Bc5 b5 19. Be6+ Kb7 20. Bd5 Bb6 21. Bxc6+ Kxc6 22. Bxb6 Kxb6 23. b4 Kc6 24. b3 h5 25. Kb2 g5 26. c4 g4 27. c5 gxf3 28. gxf3 Rhg8 29. Kc3 h4 30. Rhg1 Rxg1 31. Rxg1 Rd4 32. Rg4 Rd1 33. Rxh4 Rf1 34. Rh3 Rf2 35. Rg3 Rxh2 36. Rg6 Rh3 37. Rxf6+ Kb7 38. Kd3 Rh4 39. f4 exf4 40. Ke4 f3+ 41. Kd5 Rxb4 42. Rf7+ Kc8 43. Kc6 Kd8 44. Rxf3 a5 45. Kb7 a4 46. c6 1-0

[Event "Bosnjaci op 15th"]
[Site "Bosnjaci"]
[Date "2010.01.06"]
[Round "6"]
[White "Filipovic, Ivan"]
[Black "Zuko, Rasim"]
[Result "1-0"]
[WhiteElo "1971"]
[BlackElo "2126"]
[PlyCount "63"]
[EventDate "2010.01.03"]
[EventType "swiss"]
[EventRounds "9"]
[EventCountry "CRO"]
[SourceTitle "CBM 134 Extra"]
[Source "ChessBase"]
[SourceDate "2010.03.03"]
[SourceVersion "1"]
[SourceVersionDate "2010.03.03"]
[SourceQuality "1"]

1. e4 c5 2. Nf3 e6 3. d4 cxd4 4. Nxd4 a6 5. Nc3 b6 6. Be3 Bb7 7. f3 b5 8. Qd2 Nf6 9. 0-0-0 Be7 10. g4 d6 11. g5 Nfd7 12. h4 Nc6 13. f4 Nxd4 14. Qxd4 0-0 15. Rg1 Qc7 16. f5 exf5 17. exf5 f6 18. Nd5 Bxd5 19. Qxd5+ Kh8 20. g6 Rac8 21. Rd2 Ne5 22. Qg2 hxg6 23. fxg6 Qc6 24. Qh3 f5 25. Bg2 Qc4 26. Bd5 Qb4 27. Rg5 Ng4 28. Rh5+ Nh6 29. Bxh6 gxh6 30. Rxh6+ Kg7 31. Rh7+ Kf6 32. Qe3 1-0

[Event "Bosnjaci op 15th"]
[Site "Bosnjaci"]
[Date "2010.01.03"]
[Round "1"]
[White "Kovacevic, Blazimir"]
[Black "Filipovic, Ivan"]
[Result "1-0"]
[WhiteElo "2447"]
[BlackElo "1971"]
[PlyCount "73"]
[EventDate "2010.01.03"]
[EventType "swiss"]
[EventRounds "9"]
[EventCountry "CRO"]
[SourceTitle "CBM 134 Extra"]
[Source "ChessBase"]
[SourceDate "2010.03.03"]
[SourceVersion "1"]
[SourceVersionDate "2010.03.03"]
[SourceQuality "1"]

1. c4 e5 2. Nc3 Nf6 3. Nf3 d6 4. d4 Nbd7 5. e4 Be7 6. Be2 0-0 7. 0-0 a5 8. Be3 b6 9. Qc2 c6 10. d5 Bb7 11. Nd2 Ne8 12. g3 Rc8 13. Rad1 f5 14. dxc6 Bxc6 15. exf5 Bg5 16. Nde4 Bxe3 17. fxe3 Nc5 18. Nxc5 bxc5 19. Bf3 Qg5 20. Bd5+ Kh8 21. e4 Nf6 22. Bxc6 Rxc6 23. Rd3 Ng4 24. Nd5 Nf6 25. Nc3 Ng4 26. Qe2 d5 27. Nxd5 Rh6 28. h4 Qh5 29. Kg2 Rb8 30. Kh3 Nf6 31. Qxh5 Nxh5 32. b3 Rd6 33. Rfd1 Rbd8 34. Nb4 Rd4 35. Rxd4 exd4 36. Nd3 Nf6 37. Nxc5 1-0

[Event "CRO-chT U16"]
[Site "Vinkovci"]
[Date "2009.12.30"]
[Round "7.1"]
[White "Filipovic, Ivan"]
[Black "Jambrusic, Zvonimir"]
[Result "1-0"]
[WhiteElo "1971"]
[BlackElo "1846"]
[PlyCount "50"]
[EventDate "2009.12.27"]
[EventType "team-tourn"]
[EventRounds "7"]
[EventCountry "CRO"]
[SourceTitle "EXT 2011"]
[Source "ChessBase"]
[SourceDate "2010.11.26"]
[SourceVersion "1"]
[SourceVersionDate "2010.11.26"]
[SourceQuality "1"]

1. e4 c6 2. d4 d5 3. f3 e6 4. Nc3 Bb4 5. Bf4 Nf6 6. Qd3 Nbd7 7. Nge2 a5 8. 0-0-0 Nb6 9. Bg5 h6 10. Bd2 Nc4 11. e5 Nd7 12. Nb1 Qb6 13. Bc3 c5 14. Nd2 cxd4 15. Nxc4 dxc4 16. Qxd4 Qc6 17. Ng3 b5 18. Ne4 0-0 19. g4 Nc5 20. Bxb4 axb4 21. Qxc5 Qxc5 22. Nxc5 Rxa2 23. Kb1 Ra7 24. b3 Bb7 25. Nxb7 Rfa8 1-0

[Event "CRO-chT U16"]
[Site "Vinkovci"]
[Date "2009.12.29"]
[Round "6.1"]
[White "Ivekovic, Bozidar1"]
[Black "Filipovic, Ivan"]
[Result "1-0"]
[WhiteElo "2028"]
[BlackElo "1971"]
[PlyCount "167"]
[EventDate "2009.12.27"]
[EventType "team-tourn"]
[EventRounds "7"]
[EventCountry "CRO"]
[SourceTitle "EXT 2011"]
[Source "ChessBase"]
[SourceDate "2010.11.26"]
[SourceVersion "1"]
[SourceVersionDate "2010.11.26"]
[SourceQuality "1"]

1. e4 e5 2. Nf3 Nc6 3. Bb5 f5 4. d3 Bc5 5. Nc3 Nf6 6. 0-0 d6 7. Re1 0-0 8. Bg5 h6 9. Bxf6 gxf6 10. Nh4 Kh7 11. exf5 Rg8 12. Bc4 Rg7 13. Ne4 Bb6 14. Qh5 Qf8 15. Ng6 Qd8 16. g4 Nd4 17. Re3 Nxf5 18. gxf5 Bxe3 19. fxe3 Bxf5 20. Qxf5 Rxg6+ 21. Kf2 Kg7 22. h4 h5 23. Ng3 d5 24. Qxh5 Rxg3 25. Kxg3 dxc4 26. Qg4+ Kh8 27. Qxc4 Qd7 28. Rg1 Rg8+ 29. Kh2 Rxg1 30. Kxg1 Qh3 31. Qe4 c6 32. d4 exd4 33. exd4 Qg3+ 34. Kf1 Qh3+ 35. Ke1 Qg3+ 36. Kd2 Qf2+ 37. Kc3 Qg3+ 38. Kd2 Qf2+ 39. Kc3 Qg3+ 40. Kc4 Qd6 41. Kb3 a5 42. c3 b5 43. a4 b4 44. c4 Kg7 45. Qg4+ Kh6 46. h5 Kh7 47. Qg6+ Kh8 48. h6 Qe7 49. h7 Qe3+ 50. Ka2 Qe6 51. Qd3 f5 52. d5 cxd5 53. cxd5 Qd7 54. Qb5 Qd8 55. Qb7 f4 56. Qf7 f3 57. Qxf3 Kxh7 58. Qf5+ Kg7 59. Qe6 Qc7 60. Qc6 Qd8 61. d6 Qg8+ 62. Ka1 Kf6 63. Qf3+ Ke5 64. Qd1 Qd8 65. d7 Ke6 66. Ka2 Ke7 67. Qe1+ Kxd7 68. Qd1+ Kc7 69. Qxd8+ Kxd8 70. Kb3 Kc7 71. Kc4 Kc6 72. b3 Kd6 73. Kb5 Kd5 74. Kxa5 Kc5 75. Ka6 Kd4 76. Kb5 Kc3 77. a5 Kxb3 78. a6 Kc3 79. a7 b3 80. a8Q b2 81. Qc8+ Kd2 82. Qd7+ Kc2 83. Qc6+ Kb3 84. Qc4+ 1-0

[Event "CRO-chT U16"]
[Site "Vinkovci"]
[Date "2009.12.27"]
[Round "2.1"]
[White "Filipovic, Ivan"]
[Black "Ostovic, Matija"]
[Result "0-1"]
[WhiteElo "1971"]
[BlackElo "2167"]
[PlyCount "82"]
[EventDate "2009.12.27"]
[EventType "team-tourn"]
[EventRounds "7"]
[EventCountry "CRO"]
[SourceTitle "EXT 2011"]
[Source "ChessBase"]
[SourceDate "2010.11.26"]
[SourceVersion "1"]
[SourceVersionDate "2010.11.26"]
[SourceQuality "1"]

1. e4 c5 2. Nf3 g6 3. Nc3 Bg7 4. Be2 Nc6 5. d3 e6 6. Be3 Nd4 7. 0-0 Ne7 8. Qd2 0-0 9. Rab1 d5 10. Bh6 Nxe2+ 11. Nxe2 dxe4 12. dxe4 Qxd2 13. Bxd2 b6 14. Bc3 Ba6 15. Bxg7 Kxg7 16. Rfe1 Nc6 17. a3 Rfd8 18. Nf4 Nd4 19. Nxd4 Rxd4 20. Rbd1 Rad8 21. Rxd4 Rxd4 22. f3 Rd2 23. Rc1 Kf6 24. Nh3 h6 25. Nf2 h5 26. Nd1 Ke5 27. Ne3 Kd4 28. Nf1 Bxf1 29. Kxf1 h4 30. h3 c4 31. Kg1 c3 32. b3 Ke3 33. Kf1 Rf2+ 34. Kg1 Kd2 35. Ra1 Re2 36. Kf1 Ke3 37. Rc1 Kd2 38. Ra1 Ke3 39. Rc1 Rf2+ 40. Kg1 Rd2 41. Kf1 Kf4 0-1

[Event "CRO-ch U16"]
[Site "Sibenik"]
[Date "2008.06.26"]
[Round "6.2"]
[White "Havas, Janko"]
[Black "Filipovic, Ivan"]
[Result "1-0"]
[WhiteElo "1917"]
[BlackElo "1961"]
[PlyCount "194"]
[EventDate "2008.06.23"]
[EventType "swiss"]
[EventRounds "9"]
[EventCountry "CRO"]
[SourceTitle "CBM 125 Extra"]
[Source "ChessBase"]
[SourceDate "2008.09.01"]
[SourceVersion "1"]
[SourceVersionDate "2008.09.01"]
[SourceQuality "1"]

1. d4 d5 2. c4 c6 3. Nf3 Nf6 4. Nc3 e6 5. Bg5 Nbd7 6. cxd5 exd5 7. e3 Qa5 8. Nd2 Bb4 9. Qc2 0-0 10. Be2 b6 11. 0-0 Bxc3 12. bxc3 Re8 13. a4 Ne4 14. Nxe4 dxe4 15. Bf4 Nf6 16. Be5 Nd7 17. Bf4 Nf6 18. Bg3 Bg4 19. Bxg4 Nxg4 20. h3 Nf6 21. c4 Rad8 22. Rfc1 c5 23. d5 Nd7 24. Rcb1 Ra8 25. Rb5 Qa6 26. Rab1 f6 27. a5 Kh8 28. axb6 axb6 29. Bc7 Qa4 30. Qc3 Ra5 31. Rxa5 Qxa5 32. Qxa5 bxa5 33. Ra1 Ra8 34. Rxa5 Rxa5 35. Bxa5 Ne5 36. Bb6 Nxc4 37. Bxc5 Kg8 38. Kh2 Ne5 39. Kg3 Nd3 40. Ba3 Kf7 41. f3 exf3 42. gxf3 h5 43. f4 f5 44. Kh4 g6 45. d6 Ke6 46. Kg5 Nf2 47. Kxg6 h4 48. Kg5 Nxh3+ 49. Kxh4 Nf2 50. Kg5 Ne4+ 51. Kg6 Nf6 52. Bc5 Nd7 53. Bd4 Nb8 54. Be5 Nd7 55. Kg5 Nb8 56. Kh4 Nd7 57. Kg3 Nc5 58. Kf3 Kd5 59. Ke2 Kc4 60. Kd2 Nd7 61. Kc2 Nf8 62. Bf6 Nd7 63. Bd4 Kd5 64. Be5 Kc4 65. Kb2 Kb4 66. Bd4 Nf8 67. Bf6 Nd7 68. Be7 Kc4 69. Kc2 Nc5 70. Kd2 Nd7 71. Ke2 Nb8 72. Kf3 Kd5 73. Kg3 Ke4 74. Kh4 Kd5 75. Kg5 Ke6 76. Kh6 Kf7 77. Kg5 Ke6 78. Kg6 Nd7 79. Kg7 Nb8 80. Kf8 Nd7+ 81. Ke8 Nb8 82. Kd8 Na6 83. Kc8 Nc5 84. Kc7 Na6+ 85. Kb7 Nc5+ 86. Kc6 Na6 87. Bd8 Nb8+ 88. Kb7 Nd7 89. Bc7 Kf7 90. Kc8 Ke8 91. Bd8 Nf8 92. Be7 Nd7 93. Kc7 Nc5 94. Kc6 Nd7 95. Kd5 Kf7 96. Bg5 Kg6 97. Kc6 Nf8 1-0

[Event "CRO-chT U20 17th"]
[Site "Sv Filip i Jakov"]
[Date "2008.03.30"]
[Round "11"]
[White "Filipovic, Ivan"]
[Black "Petrusic, Toni"]
[Result "1-0"]
[WhiteElo "1996"]
[BlackElo "1929"]
[PlyCount "51"]
[EventDate "2008.03.25"]
[EventType "team-tourn"]
[EventRounds "11"]
[EventCountry "CRO"]
[SourceTitle "EXT 2010"]
[Source "ChessBase"]
[SourceDate "2010.11.25"]
[SourceVersion "1"]
[SourceVersionDate "2010.11.25"]
[SourceQuality "1"]

1. e4 e6 2. d4 d5 3. Nc3 Bb4 4. Bd3 dxe4 5. Bxe4 Nf6 6. Bd3 0-0 7. Nf3 b6 8. 0-0 Bb7 9. Bg5 Be7 10. Qe2 Nbd7 11. Rad1 Re8 12. Ne5 Nxe5 13. dxe5 Nd5 14. Bc1 Qc8 15. Qg4 Nxc3 16. bxc3 f5 17. exf6 Bxf6 18. Rfe1 c5 19. Rxe6 Rd8 20. Qf5 Qd7 21. Rxf6 gxf6 22. Bc4+ Bd5 23. Bxd5+ Kh8 24. Qxf6+ Qg7 25. Qxg7+ Kxg7 26. c4 1-0

[Event "CRO-chT U20 17th"]
[Site "Sv Filip i Jakov"]
[Date "2008.03.25"]
[Round "1"]
[White "Kraljevic, Roko"]
[Black "Filipovic, Ivan"]
[Result "1-0"]
[WhiteElo "1821"]
[BlackElo "1996"]
[PlyCount "96"]
[EventDate "2008.03.25"]
[EventType "team-tourn"]
[EventRounds "11"]
[EventCountry "CRO"]
[SourceTitle "EXT 2010"]
[Source "ChessBase"]
[SourceDate "2010.11.25"]
[SourceVersion "1"]
[SourceVersionDate "2010.11.25"]
[SourceQuality "1"]

1. e4 e5 2. Nf3 Nc6 3. Bb5 a6 4. Ba4 Nf6 5. 0-0 b5 6. Bb3 d6 7. h3 Be7 8. c3 0-0 9. Re1 Bb7 10. d3 h6 11. Nbd2 Nh7 12. Nf1 Na5 13. Bc2 f5 14. b4 fxe4 15. dxe4 Nc6 16. Ng3 Bf6 17. Bb3+ Kh8 18. Bd5 Rb8 19. Nh2 Ne7 20. Bxb7 Rxb7 21. Be3 Bg5 22. Ng4 Bf4 23. Nh5 Ng6 24. Nxf4 Nxf4 25. a4 Qe8 26. Bxf4 Rxf4 27. Qd5 Rb8 28. axb5 axb5 29. Ra7 h5 30. Nh2 Nf6 31. Qd3 Qc6 32. f3 Nd7 33. Rea1 Rff8 34. R1a6 Rb6 35. Ra1 Rbb8 36. Nf1 Nb6 37. Ne3 Na4 38. Nd5 Rf7 39. Kh1 g6 40. Qe3 Kg7 41. Qg5 Re8 42. Qe3 Rb8 43. Qd2 Rc8 44. c4 Qxc4 45. Rc1 Qd4 46. Qxd4 exd4 47. Rc6 d3 48. Ne3 Nb2 1-0

[Event "CRO-ch U15 16th"]
[Site "Sibenik"]
[Date "2007.08.30"]
[Round "6"]
[White "Ivekovic, Zvonimir"]
[Black "Filipovic, Ivan"]
[Result "1-0"]
[WhiteElo "2161"]
[BlackElo "1983"]
[PlyCount "43"]
[EventDate "2007.08.27"]
[EventType "swiss"]
[EventRounds "9"]
[EventCountry "CRO"]
[SourceTitle "CBM 120 Extra"]
[Source "ChessBase"]
[SourceDate "2007.11.01"]
[SourceVersion "1"]
[SourceVersionDate "2007.11.01"]
[SourceQuality "1"]

1. e4 e5 2. Nf3 Nc6 3. Bc4 Bc5 4. c3 Nf6 5. d4 exd4 6. cxd4 Bb4+ 7. Nc3 Nxe4 8. 0-0 Bxc3 9. bxc3 d5 10. Bd3 0-0 11. Qc2 f5 12. Rb1 Rb8 13. Bb5 Qf6 14. Bf4 Rf7 15. Bxc6 Qxc6 16. Ne5 Qxc3 17. Qa4 Nd2 18. Rfc1 Nxb1 19. Rxc3 Nxc3 20. Qxa7 Ne2+ 21. Kf1 Nxf4 22. Nxf7 1-0

[Event "CRO-chT U20 16th"]
[Site "Sv Filip i Jakov"]
[Date "2007.04.14"]
[Round "9"]
[White "Kruljac, Petra"]
[Black "Filipovic, Ivan"]
[Result "1/2-1/2"]
[WhiteElo "2031"]
[BlackElo "1997"]
[PlyCount "27"]
[EventDate "2007.04.10"]
[EventType "team-tourn"]
[EventRounds "11"]
[EventCountry "CRO"]
[SourceTitle "EXT 2010"]
[Source "ChessBase"]
[SourceDate "2010.11.25"]
[SourceVersion "1"]
[SourceVersionDate "2010.11.25"]
[SourceQuality "1"]

1. d4 d5 2. c4 c6 3. e3 Nf6 4. Nc3 e6 5. Qc2 Nbd7 6. Nf3 Be7 7. Bd2 0-0 8. h3 a6 9. Bd3 dxc4 10. Bxc4 b5 11. Be2 c5 12. 0-0 Bb7 13. dxc5 Nxc5 14. b4 1/2-1/2

[Event "CRO-chT U20 16th"]
[Site "Sv Filip i Jakov"]
[Date "2007.04.12"]
[Round "6"]
[White "Cupic, Lovro"]
[Black "Filipovic, Ivan"]
[Result "0-1"]
[WhiteElo "1843"]
[BlackElo "1997"]
[PlyCount "56"]
[EventDate "2007.04.10"]
[EventType "team-tourn"]
[EventRounds "11"]
[EventCountry "CRO"]
[SourceTitle "EXT 2010"]
[Source "ChessBase"]
[SourceDate "2010.11.25"]
[SourceVersion "1"]
[SourceVersionDate "2010.11.25"]
[SourceQuality "1"]

1. e4 c5 2. Nf3 e6 3. d4 cxd4 4. Nxd4 Nc6 5. Nc3 d6 6. Be3 Nf6 7. f4 Be7 8. Be2 0-0 9. Qd2 a6 10. 0-0-0 Qc7 11. g4 b5 12. Bf3 Bb7 13. g5 Nd7 14. h4 Nc5 15. h5 Nxd4 16. Qxd4 e5 17. Qd2 b4 18. Nd5 Bxd5 19. Qxd5 Rac8 20. g6 exf4 21. Bxf4 Ne6 22. Qd2 Nxf4 23. gxh7+ Kh8 24. h6 gxh6 25. Bg4 Ne6 26. Bxe6 fxe6 27. Rdg1 Bg5 28. Rxg5 hxg5 0-1